Football Teams Diego Costa Played For - Statistics

General Stats
  • This quiz has been taken 73 times
    52 since last reset
  • The average score is 8 of 15
Answer Stats
League Years Team % Correct
Spain 2010-2012 Atlético de Madrid
100%
Spain 2012-2014 Atlético de Madrid
100%
Spain 2018-2021 Atlético de Madrid
100%
England 2014-2018 Chelsea FC
98%
England 2022-2023 Wolverhampton Wanderers
67%
Portugal 2006 SC Braga
47%
Portugal 2007 SC Braga
47%
Brazil 2024- Grêmio FBPA
38%
Brazil 2023-2024 Botafogo FR
36%
Spain 2012 Rayo Vallecano
33%
Spain 2009-2010 Real Valladolid CF
29%
Brazil 2021-2022 Clube Atlético Mineiro
24%
Spain 2007-2008 RC Celta de Vigo
24%
Spain 2008-2009 Albacete Balompié
18%
Portugal 2006 FC Penafiel
4%
No matching quizzes found
Score Distribution
Percent of People with Each Score
Percentile by Number Answered
Your Score History
You have not taken this quiz since the last reset